000
00372nam a22001457a 4500
003
MPLRDC
005
20220104184838.0
008
210129b ||||| |||| 00| 0 eng d
082
_a
DISC
100
_a
国明
245
_a
人人都能学会的超赞甜点-- 1 DISC
_c
260
_a
中国
_b
中国纺织出版社
_c
2012
650
_a
点心制法
942
_c
CDA
_o
DISC
999
_c
63064
_d
63054